00826nam a2200205 a 450000100060000000300090000600800410001502000240005602000240008004000280010408200170013210000390014924500520018825000100024026000770025030000100032750501820033765000480051965000530056710996CO-ViMGA141112s2004 ck r 000 u spa d a9789586880176 ed. 4 a9789586880817 ed. 7 aCO-ViMGAbspacCO-ViMGA04a658.01 C15gL1 aCámara de Comercio de Bogotá, 10aGuía para constituir y formalizar una empresa a4 y 7 aSantafé de Bogotá, cCámara de Comercio de Bogotá, c1997 y 2002 a98 p. aGeneralidades de la creación de empresas Gestiones comerciales Gestiones tributarias Gestiones de funcionamiento Gestiones de seguridad laboral Estructura del sistema contable14aEMPRESAS PRIVADAS - ORGANIZACION - COLOMBIA14aSOCIEDADES COMERCIALES - ORGANIZACION - COLOMBIA